000 00594nam a2200229Ia 4500
003 OSt
005 20220918192550.0
006 a|||||r|||| 00| 0
007 ta
008 220917b |||||||| |||| 00| 0 eng d
024 _a69,043
037 _cTextual
040 _aARTS
_cARTS
_beng
041 _2eng
_aeng
082 _aR3:Q:31, L1
100 _aTrethowan Illtyd
245 0 _aAbsolute and the atonement
260 _c1971
490 _aMuirhead library of phiosophy , ed by H D Lewis
942 _hR3:Q:31, L1
_cTEXL
_2CC
999 _c195206
_d195206